| 000 | 00593nam a2200205Ia 4500 | ||
|---|---|---|---|
| 003 | OSt | ||
| 005 | 20260124110031.0 | ||
| 008 | 210210b1935 xxu||||| |||| 00| 0 eng d | ||
| 040 | _cAL | ||
| 041 | _aKannada | ||
| 082 | _a858/18 | ||
| 100 |
_aKSHIRA SAGARA _dಕ್ಷೀರಾ ಸಾಗರ _9252583 |
||
| 245 |
_aNapoleon Bonaparte _bನೆಪೋಲಿಯನ್ ಬೊನಪಾರ್ಟೆ |
||
| 260 |
_aBengaLUru _bAdhyatma prakasha karyalaya _c1935 |
||
| 650 |
_aNepOliyan _9252584 |
||
| 650 |
_abonApArTi _9252585 |
||
| 690 |
_aBiography _9252586 |
||
| 906 | _a020562 | ||
| 942 |
_2ddc _cBK |
||
| 999 |
_c144713 _d144713 |
||